000 01029nam0a22002411 4500
001 rc\17786
005 20260406113810.0
035 _a(NLR Aleph) 005305545
090 _a6333165
_c6333165
100 _a20021204d1992 |||y0rusy50 ca
101 0 _arus
102 _aRU
105 _aa |||||||||
200 1 _aВспомогательное кровообращение роликовым насосом у кардиохирургических больных
_e(Обход левого желудочка )
_eМетод. рекомендации
_fНауч. центр хирургии Рос. акад. мед. наук
_g[Подгот. Локшиным Л.С.]
210 _aМ.
_cБ. и.
_d1992
215 _a[1] , 7, [1] с.
_cил.
_d20
702 1 _aЛокшин
_bЛ.С.
_gЛеонид Семенович
_4570
712 0 2 _aНаучный центр хирургии
_cМосква
_3RU\NLR\AUTH\889849
_9292216
801 0 _aRU
_bNLR
_gpsbo
801 1 _aRU
_bELAR
_2rusmarc
852 _aNLR
_j92-4/1497
942 _cBOOK
980 _aNB